| 000 | 00588cam a22002053a 4500 | ||
|---|---|---|---|
| 001 | 42997 | ||
| 003 | PGUSA | ||
| 005 | 20140828083958.0 | ||
| 008 | 130621s2013||||xxu|||||s|||||000 | eng d | ||
| 040 |
_aPGUSA _beng |
||
| 042 | _adc | ||
| 100 | 1 | _aRangachari, K. | |
| 245 | 1 | 0 |
_aCastes and Tribes of Southern India : _bVol. 7 of 7 _h[electronic resource] / _cK. Rangachari |
| 260 |
_bProject Gutenberg, _c2013 |
||
| 506 | _aPublic domain in the USA. | ||
| 516 | _aElectronic text | ||
| 830 | 0 |
_aProject Gutenberg _v42997 |
|
| 856 | 4 | 0 | _uhttp://www.gutenberg.org/ebooks/42997 |
| 942 | _cEB | ||
| 999 |
_c272248 _d272248 |
||